000 00907nam0a22002651 4500
001 rc\88623
005 20260406120235.0
010 _a5-08-001933-6
_93000000
035 _a(NLR Aleph) 005355651
090 _a6844077
_c6844077
100 _a20021216d1991 |||y0rusy50 ca
101 0 _arus
102 _aRU
105 _aa |||||||||
200 1 _aСказка о рыбаке и рыбке
_e[Для дошк. возраста]
_fА.С. Пушкин
_g[Рис. Б. Дехтерева]
210 _aМ.
_cДет. лит.
_d1991
215 _a15, [1] с.
_cцв. ил.
_d21
225 1 _aМои первые книжки
700 1 _8rus
_7ca
_aПушкин
_bА. С.
_cпоэт
_f1799-1837
_gАлександр Сергеевич
_3RU\NLR\AUTH\77386
_9110441
801 0 _aRU
_bNLR
_gpsbo
801 1 _aRU
_bELAR
_2rusmarc
852 _aNLR
_jПушкин/2-С-424-198
942 _cBOOK
980 _aNB